LDR 00784naa#a2200157#i#450# 001 RU\RIOR\bibl\126199 005 20260629131207.1 011 ## _a2409-6024 100 ## _a20260530b2026####ek#y0rusy0150####ca 102 ## _aRU 200 1# _aПРИМЕНЕНИЕ ТРЕБОВАНИЙ МЕЖДУНАРОДНЫХ ФИНАНСОВЫХ ИНСТИТУТОВ КАК ЭЛЕМЕНТ МЕХАНИЗМА УПРАВЛЕНИЯ ИНВЕСТИЦИЯМИ В ОСНОВНОЙ КАПИТАЛ (НА ПРИМЕРЕ ТУРКМЕНИСТАНА) _eЖурнальная статья 210 1# _aМосква _cООО "Издательский Центр РИОР" _d2026 215 ## _a10 с. 608 ## _aЖурнальная статья _2local 700 #1 _aМинеев _gСергей Владимирович 856 4# _ariorpub.com _u